| 000 | 00851nam a2200241Ia 4500 | ||
|---|---|---|---|
| 003 | OSt | ||
| 005 | 20220923214530.0 | ||
| 006 | a|||||r|||| 00| 0 | ||
| 007 | ta | ||
| 008 | 220922b |||||||| |||| 00| 0 hin d | ||
| 024 | _a170,461 | ||
| 037 | _cTextual | ||
| 040 |
_aARTS _cARTS _bhin |
||
| 041 |
_2hin _ahin |
||
| 082 | _aO152:3N09x, J9 | ||
| 100 |
_aब्रोकर, गुलाबदास _9156292 |
||
| 245 | 0 | _aएक परछाई* दो दायरे, परदेशी अनु | |
| 246 | _aEk parachhāī: do dāyare, paradeshī anu0 | ||
| 260 | _c1959 | ||
| 490 | _aज्ञानपीठ लोकोदय गं्रथमाला, हिंदी ग्रंथांक; 94 | ||
| 942 |
_hO152:3N09x, J9 _cTEXL _2CC |
||
| 999 |
_c324748 _d324748 |
||